Statistics for Number Idioms

Click here to take the quiz!

General Stats

  • This quiz has been taken 93 times
    (87 since last reset)
  • The average score is 21 of 28

Answer Stats

HintNumbers% Correct
A picture is worth a ... wordsThousand
100%
Back to square...One
96%
I'll have a baker's...Dozen
90%
Doris Day was such a goody ... shoesTwo
90%
Give me everything. I want the whole ... yardsNine
88%
Fred Astaire did not have...left feetTwo
88%
Sadly the band was a...hit wonderOne
86%
Three
86%
...'s company; ...'s a crowdTwo
86%
Police have ...tolerance for drunk driversZero
86%
A stitch in time saves...Nine
81%
The...year itch is the point in a relationship when things go downhillSeven
78%
Walmart is a... stop shopOne
75%
Every thing is a mess. It's all at sixes and...Sevens
75%
Instagram models are a dime a...Dozen
74%
Dressed to the...Nines
74%
A difficult circumstance from which there is no escape is a catch...Twenty-Two
74%
People with glasses are said to have...eyesFour
72%
Behind the...ballEight
70%
Andy Warhol predicted we'd all get ... minutes of fameFifteen
70%
Shoplifters get the ...finger discountFive
70%
@#$% is a ...letter wordFour
68%
Genius is ... percent inspiration and ... percent perspirationOne
64%
The man stumbled from the bar... sheets to the windThree
62%
Ninety-Nine
59%
A good nap is also called getting... winksForty
52%
When interrogated, you get the ... degreeThird
49%
A ménage à ...is so risqueTrois
42%

Score Distribution

Percentile by Number Answered

Percent of People with Each Score

Your Score History

You have not taken this quiz since the last reset